| Tag |
First Indicator |
Second Indicator |
Subfields |
| LEADER |
00000cam a2200000 i 4500 |
| 001 |
in00004097366 |
| 005 |
20210223120207.0 |
| 006 |
m o d f |
| 007 |
cr ||||||||||| |
| 008 |
191114s2019 dcu o f000 0 eng c |
| 035 |
|
|
|a (OCoLC)on1127642833
|
| 042 |
|
|
|a pcc
|
| 043 |
|
|
|a n-us---
|
| 040 |
|
|
|a GPO
|b eng
|e rda
|e pn
|c GPO
|d GPO
|d OCLCF
|d GPO
|d MvI
|
| 049 |
|
|
|a WWW
|
| 050 |
|
4 |
|a KF32
|b .R8 2019zu
|
| 074 |
|
|
|a 1008-I (online)
|
| 086 |
0 |
|
|a Y 1.1/8:116-289
|
| 110 |
1 |
|
|a United States.
|b Congress.
|b House.
|b Committee on Rules,
|e author.
|
| 245 |
1 |
0 |
|a Providing for consideration of the bill (H.R. 4863) to promote the competitiveness of the United States, to reform and reauthorize the United States Export Finance Agency, and for other purposes; and for other purposes :
|b report (to accompany H. Res. 695).
|
| 264 |
|
1 |
|a [Washington, D.C.] :
|b [U.S. Government Publishing Office],
|c [2019]
|
| 300 |
|
|
|a 1 online resource (14 pages).
|
| 336 |
|
|
|a text
|b txt
|2 rdacontent
|
| 337 |
|
|
|a computer
|b c
|2 rdamedia
|
| 338 |
|
|
|a online resource
|b cr
|2 rdacarrier
|
| 490 |
1 |
|
|a Report / 116th Congress, 1st session, House of Representatives ;
|v 116-289
|
| 588 |
|
|
|a Description based on online resource; title from PDF title screen (govinfo web site, viewed on Nov. 14, 2019).
|
| 500 |
|
|
|a "November 13, 2019."
|
| 610 |
1 |
0 |
|a United States.
|b Congress.
|b House
|x Rules and practice.
|
| 610 |
1 |
7 |
|a United States.
|b Congress.
|b House.
|2 fast
|0 (OCoLC)fst00536930
|
| 655 |
|
7 |
|a Legislative materials.
|2 fast
|0 (OCoLC)fst01774285
|
| 655 |
|
7 |
|a Rules.
|2 fast
|0 (OCoLC)fst01423857
|
| 655 |
|
7 |
|a Legislative materials.
|2 lcgft
|
| 776 |
0 |
8 |
|i Print version:
|a United States. Congress. House. Committee on Rules.
|t Providing for consideration of the bill (H.R. 4863) to promote the competitiveness of the United States, to reform and reauthorize the United States Export Finance Agency, and for other purposes; and for other purposes
|w (OCoLC)1128027420
|
| 776 |
0 |
8 |
|i Microfiche version:
|a United States. Congress. House. Committee on Rules.
|t Providing for consideration of the bill (H.R. 4863) to promote the competitiveness of the United States, to reform and reauthorize the United States Export Finance Agency, and for other purposes; and for other purposes
|w (OCoLC)1231465275
|
| 810 |
1 |
|
|a United States.
|b Congress.
|b House.
|t Report ;
|v 116-289.
|
| 856 |
4 |
0 |
|3 PDF version
|u https://purl.fdlp.gov/GPO/gpo128485
|t 0
|
| 856 |
4 |
0 |
|3 Text version
|u https://purl.fdlp.gov/GPO/gpo128486
|t 0
|
| 999 |
f |
f |
|s 2215719c-2bf2-3bca-81fa-e0d9d58c0db4
|i d8136959-a0f3-3e27-820b-4239315243e1
|t 0
|
| 952 |
f |
f |
|a Texas A&M University
|b College Station
|c Electronic Resources
|d Available Online
|t 0
|e Y 1.1/8:116-289
|h Superintendent of Documents classification
|
| 998 |
f |
f |
|a Y 1.1/8:116-289
|t 0
|l Available Online
|